000 00636nam a22002417a 4500
005 20250113151016.0
008 170118b xxu||||| |||| 00| 0 spa d
020 _a9977420106
041 _aESP
082 _aR 912.72 86 Ch 539a
100 _aChinchilla V., Eduardo
_936540
245 _aAtlas Cantonal de Alajuela
260 _aCosta Rica
_bInstituto de Fomento y Asesoría Municipal
_c1987
300 _a166 páginas
650 _aCOSTA RICA
650 _aALAJUELA
650 _aCANTONES
650 _aMAPAS
650 _aGEOGRAFÍA
650 _aRESEÑA HISTÓRICA
650 _aDIVISIÓN TERRITORIAL
942 _cBK
_2ddc
999 _c8762
_d8762